000 01177nam a2200337 a 4500
001 86197
003 BD-RjUL
005 20260224101057.0
008 260224s2008 ne a b 001 0 eng d
020 _a9780444529350
_qalk. paper
020 _a0444529357
035 _a(BD-RjUL)86197
040 _aBTCTA
_cBTCTA
_dBAKER
_dYDXCP
_dDLC
_dBD-RjUL
_beng
041 _aeng
082 0 0 _223
_a003.54
_bINF 2008
245 0 0 _aInformation flow and knowledge sharing /
_cedited by Flávio Soares Corrêa da Silva, Jaume Agustí-Cullell.
260 _aAmsterdam ;
_aBoston :
_bElsevier,
_cc2008.
300 _axiv, 279 p. :
_bill., maps ;
_c25 cm.
336 _atext
_btxt
_2rdacontent
337 _aunmediated
_bn
_2rdamedia
338 _avolume
_bnc
_2rdacarrier
504 _aIncludes bibliographical references (p. 275-277) and index.
650 0 _aKnowledge, Theory of.
650 0 _aInformation theory
_xPhilosophy.
_917769
700 1 _aSilva, Flávio Soares Corrêa da.
_917770
700 1 _aAgustí i Cullell, Jaume.
_917771
830 _aCapturing intelligence,
_917768
942 _2ddc
_cBK
999 _c86197
_d86197